Statistics for NFL Knowledge Quiz

Click here to take the quiz!

General Stats

  • This quiz has been taken 68 times
  • The average score is 9 of 15

Answer Stats

QuestionAnswer% Correct
Which NFL teams fan base is nicknamed the "Dawg Pound"?Cleveland Browns
94%
In 2009 the Pittsburgh Steelers made a comeback with less than a minute left on the clock, Who was the receiver that caught the lead taking touchdown pass?Santonio Holmes
86%
Who holds the record for most rushing yards in one game?Adrian Peterson
84%
In the 2003 Superbowl the Buccaneers took home the trophy, who did they beat to do so?Oakland Raiders
75%
What all-time great's nickname was "The Ghost"?Dave Casper
70%
Who holds the record for most TD passes in one season?Peyton Manning
70%
Who holds the record for most receiving yards in one season?Calvin Johnson
68%
In the 2013 Superbowl a player returned a kick for a touchdown for a record holding 109 yards, who was the player to accomplish this?Jacoby Jones
67%
In the 2017-2018 Superbowl the Eagles got a clutch strip sack on Brady, who was the one that knocked it out?Brandon Graham
65%
How many kids does Philip Rivers have?9
54%
In 2002 the Patriots played the Raiders in the AFC championship game, One of the most controversial calls ever was the "Tuck Rule" call, who was the player to knock it out in the first place?Charles Woodson
48%
In 2018 the Patriots made a miracle comeback to beat the Atlanta Falcons in the Superbowl, After being down 28-3 who made the game tying 2-point conversion catch?Danny Amendola
46%
Whats the most NFL team someone has played for?12
41%
Who holds the record for most fumbles in one game?Brett Favre
41%
In the 2018-2019 NFL Super Bowl Julian Edelman got SB MVP while racking up how many catches?10
2%

Score Distribution

Percentile by Number Answered

Percent of People with Each Score

Your Score History

You have not taken this quiz